000
00241nam a2200109 a 4500
008
101210s1953|||| d
245
1
0
_a
Ždanov o umení
260
_b
VPL
_a
Bratislava
_c
1953
020
_c
10
041
_a
slo
044
_a
xo
_c
SK
999
_c
15112
_d
15112